000 00415nam a2200157Ia 4500
008 151213s9999 xx 000 0 und d
100 _aDr. Binoy Barua
245 _aELT. Theory & Practice With Model Tests
_cDr. Binoy Barua
250 _a1st
260 _aDhaka
_bFriends Book Coarner
_c2006
300 _a4218 p.
650 _aEnglish
650 _aEnglish Language
700 _aDr. Binoy Barua
999 _c2642
_d2642